[Event "Paris op-A"]
[Site "Paris"]
[Date "2003.??.??"]
[Round "1"]
[White "Lam, Sophie"]
[Black "Amberlin, Yann"]
[Result "1-0"]
[WhiteElo "2069"]
[BlackElo "1860"]
[PlyCount "47"]
[EventDate "2003.07.05"]
[EventType "swiss"]
[EventRounds "9"]
[EventCountry "FRA"]
[SourceTitle "EXT 2005"]
[Source "ChessBase"]
[SourceDate "2004.11.15"]
[SourceVersion "1"]
[SourceVersionDate "2004.11.15"]
[SourceQuality "1"]

1. e4 b6 2. d4 Bb7 3. Bd3 e6 4. Nf3 c5 5. c3 Nf6 6. e5 Ne4 7. Qe2 f5 8. exf6 Nxf6 9. Bg5 cxd4 10. 0-0 Nc6 11. cxd4 Be7 12. Bxf6 Bxf6 13. d5 Ne7 14. dxe6 0-0 15. Nc3 Kh8 16. Rad1 Qc7 17. Ne4 dxe6 18. Neg5 Bxf3 19. Nxf3 e5 20. Rfe1 Nc6 21. Qe4 g6 22. Rc1 Rac8 23. Bb5 Rfd8 24. Rxc6 1-0